|
|
|
|
| LEADER |
00000naa0a2200000 4500 |
| 001 |
598254 |
| 005 |
20250310161657.0 |
| 035 |
|
|
|a (RuTPU)RU\TPU\tpu\21820
|
| 035 |
|
|
|a RU\TPU\tpu\19928
|
| 090 |
|
|
|a 598254
|
| 100 |
|
|
|a 20120930d2002 k y0rusy50 ca
|
| 101 |
0 |
|
|a rus
|
| 102 |
|
|
|a RU
|
| 200 |
1 |
|
|a Редкометалльный потенциал углей Западно-Сибирского бассейна [в пределах Томской области]
|f С. И. Арбузов, Л. П. Рихванов, А. В. Волостнов
|
| 320 |
|
|
|a Библиогр.: с. 214 (7 назв.)
|
| 330 |
|
|
|a Западно-Сибирский бассейн - крупнейший угольный бассейн мира. По разным оценкам, в нем сосредоточено от 3,3 до 70 трлн т угля. В пределах бассейна известны юрские, меловые и палеогеновые угли. В основу комплекса аналитических исследований по геохимической оценке углей Западно-Сибирского бассейна были положены результаты инструментального нейтронно-активационного анализа на 24 элемента и эмиссионного спектрального полуколичественного анализа на 52 элемента. Кроме того, пробы анализировались методом запаздывающих нейтронов на U, количественным атомно-эмиссионным анализом на Ge и Ga. Предварительные исследования показывают, что редкометалльный потенциал Западно-Сибирского бассейна достаточно велик. Разнообразный состав областей питания древних районов угленакопления обусловливает и значительное многообразие редкометалльных концентраций в разных частях обширной территории бассейна. Из-за недоступности большей части угольных пластов для промышленного освоения, первоочередное внимание следует уделить сравнительно неглубоко залегающим редкометалльным (главным образом германиеносным) палеогеновым углям и перспективным выходам углей юрского и мелового возраста на периферии Западно-Сибирского бассейна.
|
| 333 |
|
|
|a В фонде НТБ ТПУ отсутствует
|
| 463 |
|
|
|t Томское отделение СНИИГГиМС: 30 лет на службе Томской геологии
|o сборник научных трудов
|v С. 212-214
|d 2002
|
| 610 |
1 |
|
|a труды учёных ТПУ
|
| 700 |
|
1 |
|a Арбузов
|b С. И.
|c российский геолог и геохимик
|c профессор Томского политехнического университета, доктор геолого-минералогических наук
|f 1959-
|g Сергей Иванович
|3 (RuTPU)RU\TPU\pers\24710
|9 10962
|
| 701 |
|
1 |
|a Рихванов
|b Л. П.
|c российский ученый, геолог
|c профессор Томского политехнического университета, доктор геолого-минералогических наук
|c заслуженный геолог РФ
|c почетный работник высшего образования РФ
|f 1945-
|g Леонид Петрович
|3 (RuTPU)RU\TPU\pers\23187
|4 070
|
| 701 |
|
1 |
|a Волостнов
|b А. В.
|c доцент
|c кафедра геоэкологии и геохимии Томского политехнического университета
|g Александр Валерьевич
|3 (RuTPU)RU\TPU\pers\25709
|4 070
|
| 801 |
|
1 |
|a RU
|b 63413507
|c 20091021
|
| 801 |
|
2 |
|a RU
|b 63413507
|c 20120930
|g RCR
|
| 942 |
|
|
|c BK
|